Selection of securities : Technical analysis of stock market prices

Including 2 parts: Part one introduces the simplest form of charting - the ber chart; Part two emphasizes the poitn and figure approach

Đã lưu trong:
书目详细资料
主要作者: Lerro, Anthony J.
格式: 图书
语言:Undetermined
出版: Braintree, Mass. D. H. Mark Pub. Co. 1970
主题:
标签: 添加标签
没有标签, 成为第一个标记此记录!
Thư viện lưu trữ: Trung tâm Học liệu Trường Đại học Cần Thơ
LEADER 00833nam a2200229Ia 4500
001 CTU_186559
008 210402s9999 xx 000 0 und d
082 |a 332.63 
082 |b L614 
100 |a Lerro, Anthony J. 
245 0 |a Selection of securities : 
245 0 |b Technical analysis of stock market prices 
245 0 |c Anthony J. Lerro and Charles B. Swayne 
260 |a Braintree, Mass. 
260 |b D. H. Mark Pub. Co. 
260 |c 1970 
520 |a Including 2 parts: Part one introduces the simplest form of charting - the ber chart; Part two emphasizes the poitn and figure approach 
650 |a Stocks,Cổ phần 
650 |x Charts, diagrams, etc.,Sơ đồ, biểu đồ,vv 
650 |z United States,Hoa Kỳ 
910 |a Hải 
980 |a Trung tâm Học liệu Trường Đại học Cần Thơ